书目信息 |
| 题名: |
分式与根式
|
|
| 作者: | 周锦辉 著 | |
| 分册: | ||
| 出版信息: | 南京 江苏人民出版社 1980 |
|
| 页数: | 291页 | |
| 开本: | 19cm | |
| 丛书名: | 数学基础知识丛书 | |
| 单 册: | ||
| 中图分类: | O122.1 , O122 | |
| 科图分类: | ||
| 主题词: | 初等数学 , 代数式 | |
| 电子资源: | ||
| ISBN: | ||
| 000 | 00695nam0 2200277 45 | |
| 001 | 0180005381 | |
| 005 | 20060725110218.00 | |
| 010 | @dCNY0.65 | |
| 091 | @a13100.046 | |
| 100 | @a19950630d1980 em y0chiy0121 ea | |
| 101 | 0 | @achi |
| 102 | @aCN@b320000 | |
| 105 | @ay z 000yy | |
| 200 | 10 | @a分式与根式@Afen shi yu gen shi@f周锦辉著 |
| 210 | @a南京@c江苏人民出版社@d1980 | |
| 215 | @a291页@d19cm | |
| 225 | 2 | @a数学基础知识丛书 |
| 410 | 0 | @12001 @a数学基础知识丛书 |
| 606 | 0 | @a初等数学 |
| 606 | @a代数式 | |
| 690 | @aO122.1@v3 | |
| 690 | @aO122 | |
| 701 | 0 | @a周锦辉@Azhou jin hui@4著 |
| 801 | 2 | @aCN@bNLC@c20060725 |
| 801 | 0 | @aCN@b上海图书馆@c20040519 |
| 905 | @dO122@e8 | |
| 分式与根式/周锦辉著.-南京:江苏人民出版社,1980 |
| 291页;19cm.-(数学基础知识丛书) |
| ISBN :CNY0.65 |
| ● |
| 相关链接 |
|
|
|
|
正题名:分式与根式
索取号:O122/8
 
预约/预借
| 序号 | 登录号 | 条形码 | 馆藏地/架位号 | 状态 | 备注 |
| 1 | 0120740 | 001243531 | 密集书库/ [索取号:O122/8] | 在馆 | |
| 2 | 0120741 | 001243540 | 密集书库/ [索取号:O122/8] | 在馆 | |
| 3 | 0120742 | 001243586 | 密集书库/ [索取号:O122/8] | 在馆 | |
| 4 | 0120743 | 001243577 | 密集书库/ [索取号:O122/8] | 在馆 | |
| 5 | 0120744 | 202093037 | 第二样本阅览室/ [索取号:O122/8] | 在馆 | |
| 6 | 0431479 | 204314795 | 密集书库/ [索取号:O122/8] | 在馆 | |
| 7 | 0431480 | 204314802 | 密集书库/ [索取号:O122/8] | 在馆 | |
| 8 | 0431481 | 204314811 | 密集书库/ [索取号:O122/8] | 在馆 | |
| 9 | 0431482 | 204314820 | 密集书库/ [索取号:O122/8] | 在馆 | |
| 10 | 0431483 | 204314839 | 密集书库/ [索取号:O122/8] | 在馆 | |
| 11 | 0431484 | 204314848 | 密集书库/ [索取号:O122/8] | 在馆 |